| 000 | 00481nam a2200121Ia 4500 | ||
|---|---|---|---|
| 008 | 171212s9999 xx 000 0 und d | ||
| 020 | _a9781920942472 | ||
| 245 |
_ceditor Coleman, Elizabeth Burns;White, Kevin _aNegotiating the Sacred _bBlasphemy and Sacrilege in a Multicultural Society |
||
| 260 |
_bANU E Press _c2006 |
||
| 650 | _aReligion | ||
| 650 | _aReligion and sociology; Offenses against religion; Blasphemy; Sacrilege | ||
| 856 | _uwww.jstor.org/stable/10.2307/j.ctt2jbjjq | ||
| 999 |
_c351220 _d351220 |
||